01458nam a2200313 a 4500001001000000003000900010005001700019007000300036008004100039020001500080040002500095082002200120100004200142245003400184260005400218300002800272500002000300500004800320500004900368505017000417505024900587590002700836600003600863650005100899910004100950942001400991952012401005999001501129000003694DO-SdBNP20220720131643.0ta090713e1996 cl a er 001 0bspa d a9562620417 aDO-SdBNPbspacBNPHU 4a928.61bN454T2221 aTeitelboim, Volodia,d1916-20089385010aNeruda /cVolodia Teitelboim. aSantiago de Chile :bSudamericana chilena,c1996. a532 p. :bil. ;c22 cm. aEd. rev. y act. aIncluye índice de nombre e ilustraciones. aIncluye notas bibliográficas : p. 515- 518 aPrimera parte: De las lluvia ala guerra--tI. Niño de frontera--tII. Joven de crepúsculo--tIII. Agonía y creación en Oriente--tLa letra con sangre entra-- aSegunda parte: Pasión y Muerte--tV. Su descubrimiento de América--tVI. El viaje del mundo--tVII. Narrador de sí mismo--tVIII. La balada del viejo marinero--tNotas bibliográficas--tÍndice de ilustraciones--tÍndice de nombres. aInventariado 2022 / MF14aNeruda, Pablo,d1904-197399164 4aPoetas chilenosySiglo XXvBiografías911296 aValidado. Control de calidad MMolina 2ddccLBS1 00102ddc56708GR-RaBNPHUbBNPHUcHDd2018-04-13eCompra oBNPHU 928.61 N454Tp3694-10r2020-06-25w2020-06-25yLBS1 c3516d3516